[Event "DEN-chT 1617 HP A 8th"]
[Site "Denmark"]
[Date "2017.01.30"]
[Round "5"]
[White "Sorensen, Erik"]
[Black "Pape, Rasmus"]
[Result "0-1"]
[WhiteElo "2003"]
[BlackElo "1987"]
[PlyCount "62"]
[EventDate "2016.11.06"]
[EventType "team-tourn"]
[EventRounds "7"]
[EventCountry "DEN"]
[SourceTitle "EXT 2025"]
[Source "ChessBase"]
[SourceDate "2024.10.14"]
[SourceVersion "1"]
[SourceVersionDate "2024.10.14"]
[SourceQuality "1"]
[WhiteTeam "Sjalso II"]
[BlackTeam "Gribskov"]
[WhiteTeamCountry "DEN"]
[BlackTeamCountry "DEN"]

1. e4 g6 2. d4 Nf6 3. e5 Nh5 4. Be2 d6 5. Bxh5 gxh5 6. exd6 Qxd6 7. c3 Bg4 8. Ne2 Nc6 9. f3 Bf5 10. Bf4 Qg6 11. Rg1 0-0-0 12. Nd2 Bc2 13. Qc1 e5 14. Be3 Bg7 15. Nb3 a5 16. Kf2 a4 17. Nd2 exd4 18. Nxd4 Rxd4 19. cxd4 Nb4 20. Kf1 Re8 21. Ne4 Bd3+ 22. Kf2 Bxe4 23. Qc3 Nd5 24. Qd2 Nxe3 25. Qxe3 Bc6 26. Qc3 Qd6 27. Rgd1 Rd8 28. Qa5 b6 29. Qxh5 Bxd4+ 30. Kf1 Qb4 31. g3 Qxb2 0-1